[Event "Chigorin Memorial 19th"]
[Site "St Petersburg"]
[Date "2011.10.19"]
[Round "6"]
[White "Nezbailo, Dmitry"]
[Black "Paravyan, David"]
[Result "0-1"]
[WhiteElo "1966"]
[BlackElo "2192"]
[PlyCount "112"]
[EventDate "2011.10.14"]
[EventType "swiss"]
[EventRounds "9"]
[EventCountry "RUS"]
[SourceTitle "CBM 144 Extra"]
[Source "ChessBase"]
[SourceDate "2011.10.28"]
[SourceVersion "1"]
[SourceVersionDate "2011.10.28"]
[SourceQuality "1"]

1. d4 Nf6 2. Nf3 g6 3. c4 Bg7 4. Nc3 d5 5. cxd5 Nxd5 6. Qb3 Nxc3 7. bxc3 0-0 8. e3 b6 9. Be2 Bb7 10. 0-0 Nd7 11. Bb2 c5 12. Rfd1 Qc7 13. Rac1 e6 14. c4 cxd4 15. exd4 e5 16. Nxe5 Nxe5 17. dxe5 Bxe5 18. Bxe5 Qxe5 19. Bf3 Bxf3 20. Qxf3 Rac8 21. g3 Rc7 22. Rc3 Rfc8 23. Rdc1 b5 24. Qd3 Rc5 25. Qd7 Qc7 26. Qxc7 R8xc7 27. Kf1 Rxc4 28. Rxc4 bxc4 29. Ke2 Kg7 30. Ke3 Kf6 31. Kd4 Rd7+ 32. Ke3 Rd3+ 33. Ke2 Rd4 34. Ke3 Ke5 35. Rc3 Re4+ 36. Kd2 Kd4 37. Ra3 c3+ 38. Rxc3 Re2+ 39. Kxe2 Kxc3 40. Ke3 a5 41. a4 Kb4 42. Kd4 Kxa4 43. Kc4 Ka3 44. Kc3 g5 45. f4 g4 46. f5 a4 47. f6 h5 48. Kc2 Kb4 49. Kb2 a3+ 50. Ka2 Ka4 51. Ka1 Kb3 52. Kb1 a2+ 53. Ka1 Ka3 54. h3 gxh3 55. g4 h2 56. gxh5 h1Q# 0-1

[Event "Chigorin Memorial 19th"]
[Site "St Petersburg"]
[Date "2011.10.16"]
[Round "3"]
[White "Chernyak, Viktoria"]
[Black "Nezbailo, Dmitry"]
[Result "1/2-1/2"]
[WhiteElo "1808"]
[BlackElo "1966"]
[PlyCount "85"]
[EventDate "2011.10.14"]
[EventType "swiss"]
[EventRounds "9"]
[EventCountry "RUS"]
[SourceTitle "CBM 144 Extra"]
[Source "ChessBase"]
[SourceDate "2011.10.28"]
[SourceVersion "1"]
[SourceVersionDate "2011.10.28"]
[SourceQuality "1"]

1. e4 c6 2. d4 d5 3. exd5 cxd5 4. Nf3 Nf6 5. Bd3 Nc6 6. 0-0 Bg4 7. c3 e6 8. Nbd2 Bd6 9. h3 Bh5 10. Qb3 Qc7 11. Re1 0-0-0 12. Qa4 Kb8 13. Bb5 Bxf3 14. Nxf3 Ne4 15. Bxc6 Qxc6 16. Qxc6 bxc6 17. Nd2 Nxd2 18. Bxd2 Rhe8 19. Rad1 Kb7 20. g3 e5 21. dxe5 Bxe5 22. Kg2 Bc7 23. Rxe8 Rxe8 24. Re1 Rxe1 25. Bxe1 Kc8 26. Kf3 Kd7 27. Bd2 Ke6 28. b4 a6 29. h4 h5 30. Be3 Be5 31. Bd2 Kf5 32. Be1 f6 33. Ke3 Ke6 34. f4 Bc7 35. Kf3 f5 36. Bf2 g6 37. Bc5 Bd8 38. Ke3 Bf6 39. Bd4 Be7 40. Kd3 Kd7 41. Bb6 Bf6 42. Bd4 Be7 43. Bb6 1/2-1/2

[Event "Chigorin Memorial 19th"]
[Site "St Petersburg"]
[Date "2011.10.15"]
[Round "2"]
[White "Nezbailo, Dmitry"]
[Black "Korchmar, Vasiliy"]
[Result "0-1"]
[WhiteElo "1966"]
[BlackElo "2253"]
[PlyCount "98"]
[EventDate "2011.10.14"]
[EventType "swiss"]
[EventRounds "9"]
[EventCountry "RUS"]
[SourceTitle "CBM 144 Extra"]
[Source "ChessBase"]
[SourceDate "2011.10.28"]
[SourceVersion "1"]
[SourceVersionDate "2011.10.28"]
[SourceQuality "1"]

1. d4 Nf6 2. Nf3 g6 3. g3 Bg7 4. Bg2 0-0 5. 0-0 d6 6. c4 Nbd7 7. Nc3 e5 8. dxe5 dxe5 9. Qc2 c6 10. Rd1 Qc7 11. Rb1 Nc5 12. Nd2 Bf5 13. e4 Bg4 14. f3 Be6 15. b4 Ncd7 16. a3 Ne8 17. Bb2 f5 18. exf5 gxf5 19. c5 a5 20. Bf1 b5 21. Bd3 e4 22. fxe4 f4 23. Ne2 fxg3 24. Nxg3 Nef6 25. Rf1 Bh3 26. Rf3 Ne5 27. Bxe5 Qxe5 28. Ndf1 axb4 29. axb4 Bg4 30. Rf2 Be6 31. Ne3 Ra2 32. Rb2 Rxb2 33. Qxb2 Qxb2 34. Rxb2 Ng4 35. Nxg4 Bxb2 36. Nh6+ Kg7 37. Nhf5+ Kf6 38. Ne2 Bxf5 39. exf5 Ba3 40. Nf4 Bxb4 41. Ne6 Ra8 42. Kf2 Ke5 43. Ng5 Bxc5+ 44. Kf3 Ra3 45. Ke2 Ra2+ 46. Kd1 Kd4 47. Ne6+ Kxd3 48. Nxc5+ Kd4 49. Nb3+ Ke5 0-1

[Event "St Petersburg Chigorin CC-ch"]
[Site "St Petersburg"]
[Date "2009.05.28"]
[Round "8"]
[White "Gorbov, Andrey"]
[Black "Nezbailo, Dmitry"]
[Result "1-0"]
[WhiteElo "1939"]
[BlackElo "1996"]
[PlyCount "114"]
[EventDate "2009.05.19"]
[EventType "swiss"]
[EventRounds "9"]
[EventCountry "RUS"]
[SourceTitle "CBM 130 Extra"]
[Source "ChessBase"]
[SourceDate "2009.07.02"]
[SourceVersion "2"]
[SourceVersionDate "2009.07.15"]
[SourceQuality "1"]

1. e4 Nf6 2. e5 Nd5 3. d4 Nb6 4. c4 d5 5. c5 N6d7 6. Nc3 e6 7. Bd3 Nc6 8. Nge2 Ne7 9. 0-0 b6 10. cxb6 cxb6 11. Bg5 a6 12. f4 g6 13. Rf3 Bg7 14. Rh3 f5 15. Qd2 Bb7 16. Kh1 Kf7 17. Ng1 h6 18. Bh4 b5 19. a3 Qb6 20. Bxe7 Kxe7 21. Nf3 Kf7 22. Qf2 Qd8 23. Qg3 Rg8 24. Rf1 Rc8 25. Be2 Bf8 26. Nh4 Be7 27. Nf3 Rh8 28. Nh4 Rg8 29. Qf2 Bxh4 30. Rxh4 Qf8 31. Qg3 Rh8 32. Qe3 Nb6 33. Rh3 Nc4 34. Bxc4 Rxc4 35. Rd1 Qe8 36. Qg3 b4 37. axb4 Rxb4 38. Qf2 Bc6 39. Ra1 Rb6 40. Re3 Qe7 41. h3 Rhb8 42. Ra2 Bb5 43. Nxb5 axb5 44. b3 Rc6 45. Ra5 b4 46. Ra4 Rc1+ 47. Kh2 Rbc8 48. Qd2 R1c3 49. Rxc3 bxc3 50. Qc2 h5 51. b4 Rc4 52. b5 Rxa4 53. Qxa4 Qc7 54. b6 Qxb6 55. Qd7+ Kf8 56. Qc8+ Ke7 57. Qxc3 Kd8 1-0

[Event "St Petersburg Chigorin CC-ch"]
[Site "St Petersburg"]
[Date "2009.05.25"]
[Round "6"]
[White "Nezbailo, Dmitry"]
[Black "Kuzmin, Egor"]
[Result "0-1"]
[WhiteElo "1996"]
[BlackElo "1954"]
[PlyCount "120"]
[EventDate "2009.05.19"]
[EventType "swiss"]
[EventRounds "9"]
[EventCountry "RUS"]
[SourceTitle "CBM 130 Extra"]
[Source "ChessBase"]
[SourceDate "2009.07.02"]
[SourceVersion "2"]
[SourceVersionDate "2009.07.15"]
[SourceQuality "1"]

1. d4 Nf6 2. Nf3 g6 3. b3 Bg7 4. Bb2 d5 5. e3 0-0 6. Nbd2 b6 7. Bd3 Bb7 8. 0-0 Nbd7 9. c4 c5 10. Ne5 cxd4 11. exd4 dxc4 12. Bxc4 a6 13. Be2 Nd5 14. Bf3 N7f6 15. Ndc4 b5 16. Ne3 Nxe3 17. fxe3 Nd5 18. Qe2 Bh6 19. Bxd5 Qxd5 20. Rf2 Qe4 21. Re1 Rad8 22. Nd3 Bc8 23. Nc5 Qc6 24. Qf3 Qxf3 25. gxf3 Bg7 26. f4 Bf6 27. Rc1 a5 28. Ne4 Bh4 29. Rd2 Bf5 30. Ng3 Bxg3 31. hxg3 Rd5 32. Rc7 e6 33. Rd1 Be4 34. Rc5 Rfd8 35. Rdc1 Kg7 36. Kf2 Kf6 37. g4 Kg7 38. Rxd5 Rxd5 39. Kg3 h5 40. g5 Kf8 41. Bc3 b4 42. Bb2 Ke7 43. a3 Kd7 44. axb4 axb4 45. Rc4 Rb5 46. Rc5 Rxc5 47. dxc5 Kc6 48. Bd4 Bd5 49. Kf2 Bxb3 50. e4 Bc2 51. Kf3 h4 52. Kg4 Bxe4 53. Kxh4 Kb5 54. f5 Bxf5 55. Kg3 Kc4 56. Bh8 Kxc5 57. Kf4 Kc4 58. Ke5 Kb3 59. Kf6 Ka2 60. Kxf7 b3 0-1

[Event "St Petersburg Chigorin CC-ch"]
[Site "St Petersburg"]
[Date "2009.05.20"]
[Round "2"]
[White "Nezbailo, Dmitry"]
[Black "Kiseleva, Arina"]
[Result "1/2-1/2"]
[WhiteElo "1996"]
[BlackElo "1867"]
[PlyCount "79"]
[EventDate "2009.05.19"]
[EventType "swiss"]
[EventRounds "9"]
[EventCountry "RUS"]
[SourceTitle "CBM 130 Extra"]
[Source "ChessBase"]
[SourceDate "2009.07.02"]
[SourceVersion "2"]
[SourceVersionDate "2009.07.15"]
[SourceQuality "1"]

1. e4 c6 2. Nf3 d5 3. exd5 cxd5 4. d4 Nf6 5. h3 e6 6. Bd3 Nc6 7. a3 Bd6 8. 0-0 0-0 9. Nbd2 Bd7 10. Re1 Qc7 11. b4 a6 12. Bb2 b5 13. Nb3 Ne7 14. Ne5 Ng6 15. Qd2 Bc6 16. Nc5 Nd7 17. Bxg6 hxg6 18. Ncxd7 Bxd7 19. Nxd7 Qxd7 20. Qd3 Rac8 21. c3 Bb8 22. h4 Qd6 23. g3 Bc7 24. Kg2 Qc6 25. f4 Bb6 26. Rf1 Qc4 27. Qxc4 Rxc4 28. a4 Rfc8 29. axb5 axb5 30. Rac1 Ra8 31. Ra1 Rxa1 32. Bxa1 Rc7 33. Bb2 Kf8 34. Kf3 Ke7 35. Ke3 Kd6 36. Kd3 Ra7 37. Ra1 Rxa1 38. Bxa1 Bc7 39. Ke3 f6 40. Bb2 1/2-1/2

[Event "St Petersburg op"]
[Site "St Petersburg"]
[Date "2007.11.04"]
[Round "9"]
[White "Nezbailo, Dmitry"]
[Black "Maslyakov, Sergey"]
[Result "0-1"]
[WhiteElo "2013"]
[BlackElo "2108"]
[PlyCount "120"]
[EventDate "2007.10.27"]
[EventType "swiss"]
[EventRounds "9"]
[EventCountry "RUS"]
[SourceTitle "CBM 121 Extra"]
[Source "ChessBase"]
[SourceDate "2008.01.10"]
[SourceVersion "1"]
[SourceVersionDate "2008.01.10"]
[SourceQuality "1"]

1. e4 e6 2. d4 d5 3. Nd2 Nf6 4. e5 Nfd7 5. c3 c5 6. Bd3 Nc6 7. Ne2 cxd4 8. cxd4 f6 9. Nf4 Nxd4 10. Qh5+ Ke7 11. Ng6+ hxg6 12. exf6+ Nxf6 13. Qxh8 Kf7 14. 0-0 e5 15. Nb3 Nxb3 16. axb3 Qb6 17. Bc2 Bc5 18. Bd2 Ng4 19. Qh4 e4 20. h3 Nf6 21. Bg5 Bd7 22. Bxf6 Qxf6 23. Qxf6+ gxf6 24. Rad1 Bc6 25. Rfe1 f5 26. Rc1 Bb4 27. Red1 Rd8 28. Bb1 Be7 29. Ba2 Ke6 30. Rc2 Bb4 31. Rd4 a5 32. Bb1 Ke5 33. Rd1 d4 34. Re2 Kf6 35. Rc2 d3 36. Rcc1 Rd7 37. Kh2 Bb5 38. Rc8 d2 39. Bc2 Be2 40. g3 g5 41. Kg2 Bf3+ 42. Kh2 f4 43. gxf4 gxf4 44. Rc4 Ke5 45. Rg1 d1Q 46. Bxd1 Rxd1 47. Rxd1 Bxd1 48. Rc8 Bxb3 49. h4 e3 50. fxe3 fxe3 51. Rc1 e2 52. Rh1 e1Q 53. Rxe1+ Bxe1 54. h5 Kf4 55. h6 Bg3+ 56. Kg1 Bc2 57. Kg2 Be4+ 58. Kf1 Kf3 59. Kg1 a4 60. Kh1 Kf2# 0-1

[Event "St Petersburg op"]
[Site "St Petersburg"]
[Date "2007.10.31"]
[Round "5"]
[White "Churkin, Vitaly"]
[Black "Nezbailo, Dmitry"]
[Result "1/2-1/2"]
[WhiteElo "2310"]
[BlackElo "2013"]
[PlyCount "106"]
[EventDate "2007.10.27"]
[EventType "swiss"]
[EventRounds "9"]
[EventCountry "RUS"]
[SourceTitle "CBM 121 Extra"]
[Source "ChessBase"]
[SourceDate "2008.01.10"]
[SourceVersion "1"]
[SourceVersionDate "2008.01.10"]
[SourceQuality "1"]

1. c4 Nf6 2. Nc3 e5 3. Nf3 d6 4. d4 exd4 5. Nxd4 Bd7 6. g3 Nc6 7. Bg2 Be7 8. 0-0 0-0 9. b3 Nxd4 10. Qxd4 Bc6 11. Bb2 Bxg2 12. Kxg2 Qd7 13. Rad1 Rfe8 14. Nd5 b6 15. Qf4 Nxd5 16. cxd5 Bf8 17. Qf3 Qe7 18. Rd2 a5 19. Rc1 Ra7 20. Rdc2 Rd8 21. Rc4 Rd7 22. Rg4 Kh8 23. Qf5 Kg8 24. Bf6 Qe8 25. Rxg7+ Bxg7 26. Qg4 Qf8 27. Bxg7 Qxg7 28. Qxd7 Qe5 29. Qc8+ Kg7 30. Rd1 Qe4+ 31. Kg1 Qxe2 32. Rd4 h5 33. Kg2 a4 34. Qf5 Qe5 35. Qd3 axb3 36. axb3 Ra5 37. h3 Rc5 38. b4 Rc1 39. Re4 Qc3 40. Qe2 Qa1 41. Qxh5 Rg1+ 42. Kf3 Qd1+ 43. Re2 Qd3+ 44. Kf4 Qd4+ 45. Kf3 Qd3+ 46. Re3 Qd1+ 47. Re2 Qd3+ 48. Re3 Qd1+ 49. Re2 Qd3+ 50. Re3 Qd1+ 51. Re2 Qd3+ 52. Re3 Qd1+ 53. Re2 Qd3+ 1/2-1/2

[Event "St Petersburg op"]
[Site "St Petersburg"]
[Date "2007.10.29"]
[Round "3"]
[White "Nezbailo, Dmitry"]
[Black "Burshanov, Mikhail"]
[Result "1/2-1/2"]
[WhiteElo "2013"]
[BlackElo "1939"]
[PlyCount "72"]
[EventDate "2007.10.27"]
[EventType "swiss"]
[EventRounds "9"]
[EventCountry "RUS"]
[SourceTitle "CBM 121 Extra"]
[Source "ChessBase"]
[SourceDate "2008.01.10"]
[SourceVersion "1"]
[SourceVersionDate "2008.01.10"]
[SourceQuality "1"]

1. Nf3 d5 2. d4 e6 3. e3 Bd6 4. c4 c6 5. Nc3 f5 6. Bd3 Nf6 7. cxd5 exd5 8. Ne5 0-0 9. 0-0 Qe8 10. f4 Ne4 11. Nxe4 fxe4 12. Be2 Nd7 13. Bd2 Nxe5 14. fxe5 Rxf1+ 15. Bxf1 Be7 16. Be2 Be6 17. Bg4 Qd7 18. Bxe6+ Qxe6 19. Qe2 a6 20. b4 Rf8 21. Rf1 Rxf1+ 22. Kxf1 Qf5+ 23. Kg1 Qe6 24. a3 Qf5 25. h3 h6 26. Kh2 Kh7 27. Be1 Bd8 28. g4 Qf7 29. Kg2 g5 30. Qf1 Qxf1+ 31. Kxf1 Be7 32. Ke2 Kg6 33. Kd2 Kf7 34. Kc2 b6 35. Kb3 Ke6 36. Bc3 b5 1/2-1/2

[Event "Petrovskaya Ladya op"]
[Site "Peterhof"]
[Date "2007.01.10"]
[Round "8"]
[White "Balakirev, Ilya"]
[Black "Nezbailo, Dmitry"]
[Result "1-0"]
[WhiteElo "2176"]
[BlackElo "2035"]
[PlyCount "67"]
[EventDate "2007.01.03"]
[EventType "swiss"]
[EventRounds "9"]
[EventCountry "RUS"]
[SourceTitle "CBM 116 Extra"]
[Source "ChessBase"]
[SourceDate "2007.03.07"]
[SourceVersion "1"]
[SourceVersionDate "2007.03.07"]
[SourceQuality "1"]

1. e4 c5 2. Nf3 Nc6 3. Nc3 d6 4. d4 cxd4 5. Nxd4 Nf6 6. Bc4 e6 7. Bb3 Be7 8. 0-0 0-0 9. Be3 a6 10. f4 Bd7 11. Qf3 Nxd4 12. Bxd4 Bc6 13. Rae1 Qc7 14. Qg3 Rac8 15. e5 dxe5 16. Bxe5 Qb6+ 17. Kh1 g6 18. f5 exf5 19. Rxf5 Bd7 20. Rxf6 Bxf6 21. Nd5 Bxe5 22. Qxe5 Qd8 23. Ne7+ Qxe7 24. Qxe7 Rce8 25. Qh4 Rxe1+ 26. Qxe1 Re8 27. Qf2 Re7 28. h3 Bf5 29. Bd5 Be6 30. Qf6 Re8 31. Bxb7 Bxa2 32. b3 Re1+ 33. Kh2 Bb1 34. Bd5 1-0

[Event "Petrovskaya Ladya op"]
[Site "Peterhof"]
[Date "2007.01.08"]
[Round "6"]
[White "Semenenko, Sergey"]
[Black "Nezbailo, Dmitry"]
[Result "1-0"]
[WhiteElo "2196"]
[BlackElo "2035"]
[PlyCount "103"]
[EventDate "2007.01.03"]
[EventType "swiss"]
[EventRounds "9"]
[EventCountry "RUS"]
[SourceTitle "CBM 116 Extra"]
[Source "ChessBase"]
[SourceDate "2007.03.07"]
[SourceVersion "1"]
[SourceVersionDate "2007.03.07"]
[SourceQuality "1"]

1. d4 d6 2. e4 Nd7 3. c4 e5 4. Ne2 Ngf6 5. Nbc3 Be7 6. g3 0-0 7. Bg2 Re8 8. 0-0 Nf8 9. h3 c6 10. Be3 Qc7 11. Rc1 N6d7 12. Qd2 Bf6 13. Rfd1 b6 14. b4 Bb7 15. f4 Rad8 16. Qc2 g6 17. Qb3 Bg7 18. Bf2 exd4 19. Nxd4 Ne6 20. Nde2 a6 21. Nd5 cxd5 22. cxd5 Nec5 23. bxc5 bxc5 24. e5 Qb8 25. e6 Nf8 26. f5 gxf5 27. Nf4 Be5 28. Rb1 Ba8 29. e7 Qxb3 30. exf8Q+ Kxf8 31. Rxb3 Rd7 32. Rdb1 Ke7 33. Rb8 Rxb8 34. Rxb8 Bb7 35. Bxc5 Bxf4 36. gxf4 Bxd5 37. Bxd5 dxc5 38. Rb7 Rxb7 39. Bxb7 Kd6 40. Bxa6 Kd5 41. Bd3 c4 42. Bxf5 h6 43. Kf2 c3 44. Ke3 Kc4 45. Bc2 Kb4 46. a4 h5 47. Kd4 h4 48. Ke5 Ka3 49. a5 Kb2 50. Be4 c2 51. Bxc2 Kxc2 52. a6 1-0

[Event "St Petersburg Autumn op"]
[Site "St Petersburg"]
[Date "2006.11.04"]
[Round "5"]
[White "Nezbailo, Dmitry"]
[Black "Kuzmin, Yuriy"]
[Result "0-1"]
[WhiteElo "2039"]
[BlackElo "2126"]
[PlyCount "104"]
[EventDate "2006.10.31"]
[EventType "swiss"]
[EventRounds "9"]
[EventCountry "RUS"]
[SourceTitle "EXT 2007"]
[Source "ChessBase"]
[SourceDate "2006.11.23"]
[SourceVersion "1"]
[SourceVersionDate "2006.11.23"]
[SourceQuality "1"]

1. e4 c5 2. Nf3 a6 3. d4 cxd4 4. Nxd4 Nf6 5. Bd3 e5 6. Nf3 Nc6 7. 0-0 Be7 8. c4 0-0 9. Nc3 d6 10. h3 Be6 11. Bg5 Rc8 12. Bxf6 Bxf6 13. Qd2 Be7 14. Nd5 g6 15. Rfd1 f5 16. b3 Qe8 17. Bc2 Rd8 18. Nc7 Qf7 19. Nxe6 Qxe6 20. Bd3 Kh8 21. Ne1 Rf6 22. Nc2 Rdf8 23. f3 Bd8 24. Kh2 f4 25. Be2 Bb6 26. Qe1 Bd4 27. Rab1 a5 28. b4 axb4 29. Nxb4 R6f7 30. Nxc6 bxc6 31. Bd3 Bc5 32. a4 Ra7 33. Ra1 Rfa8 34. a5 Qe7 35. Ra4 h5 36. Bc2 Qd8 37. Rda1 g5 38. g4 fxg3+ 39. Kxg3 Qf6 40. Qe2 Rf8 41. Bd1 Qf4+ 42. Kg2 g4 43. fxg4 hxg4 44. R4a3 Rh7 45. Rd3 gxh3+ 46. Kh1 Rg8 47. Qe1 h2 48. Bg4 Rxg4 49. Rg3 Rxg3 50. Qxg3 Qxg3 51. Rf1 Qg1+ 52. Rxg1 hxg1Q# 0-1

[Event "St Petersburg Autumn op"]
[Site "St Petersburg"]
[Date "2006.11.03"]
[Round "4"]
[White "Leonov, Mikhail1"]
[Black "Nezbailo, Dmitry"]
[Result "1/2-1/2"]
[WhiteElo "2114"]
[BlackElo "2039"]
[PlyCount "126"]
[EventDate "2006.10.31"]
[EventType "swiss"]
[EventRounds "9"]
[EventCountry "RUS"]
[SourceTitle "EXT 2007"]
[Source "ChessBase"]
[SourceDate "2006.11.23"]
[SourceVersion "1"]
[SourceVersionDate "2006.11.23"]
[SourceQuality "1"]

1. e4 d5 2. exd5 Qxd5 3. Nc3 Qd8 4. Bc4 e6 5. Nf3 Nf6 6. 0-0 Be7 7. d4 0-0 8. Re1 Nbd7 9. Qe2 Nb6 10. Bd3 Re8 11. Bg5 g6 12. Rad1 Bd7 13. Ne5 Bc6 14. Nxc6 bxc6 15. Qf3 Nfd5 16. Bd2 Nxc3 17. bxc3 Nd5 18. c4 Nb4 19. Be4 Rb8 20. a3 f5 21. axb4 fxe4 22. Qxe4 Bxb4 23. c3 Bf8 24. Qxc6 Qd6 25. Qf3 a5 26. Bf4 Qd7 27. Qh3 Qe7 28. Qg3 Rb7 29. Qf3 Rb3 30. c5 Qd7 31. h3 c6 32. Qd3 a4 33. Qc4 Qd5 34. Qxa4 Rxc3 35. Qa5 Rb3 36. Qa7 Re7 37. Qa4 Rbb7 38. Bd6 Ra7 39. Qb4 Reb7 40. Qc3 Bxd6 41. cxd6 Qxd6 42. Re3 Re7 43. Rde1 Kf7 44. Qb2 Rab7 45. Qc3 Kg8 46. Rc1 Rbc7 47. Re5 Kf7 48. h4 Red7 49. Qf3+ Kg8 50. Rce1 Qxd4 51. Rxe6 Rf7 52. Qg3 Qf4 53. Re8+ Kg7 54. Qc3+ Qf6 55. Qc2 Rfe7 56. R1xe7+ Rxe7 57. Rxe7+ Qxe7 58. Qxc6 Qe1+ 59. Kh2 Qxf2 60. Qd7+ Qf7 61. Qxf7+ Kxf7 62. Kg3 h5 63. Kf4 Kf6 1/2-1/2

[Event "Chigorin Memorial-B 14th"]
[Site "St Petersburg"]
[Date "2006.10.27"]
[Round "6"]
[White "Larsen Hagen, Brede Andre"]
[Black "Nezbailo, Dmitry"]
[Result "1/2-1/2"]
[WhiteElo "2013"]
[BlackElo "2039"]
[PlyCount "103"]
[EventDate "2006.10.23"]
[EventType "swiss"]
[EventRounds "9"]
[EventCountry "RUS"]
[SourceTitle "EXT 2007"]
[Source "ChessBase"]
[SourceDate "2006.11.23"]
[SourceVersion "1"]
[SourceVersionDate "2006.11.23"]
[SourceQuality "1"]

1. Nf3 f5 2. e4 fxe4 3. Ng5 Nf6 4. d3 g6 5. dxe4 h6 6. Nf3 d5 7. exd5 Qxd5 8. Qxd5 Nxd5 9. Bd3 Bf5 10. Bxf5 gxf5 11. Nd4 f4 12. Ne6 f3 13. c4 Nb4 14. Nxc7+ Kd7 15. Nxa8 Nc2+ 16. Kd1 Nxa1 17. gxf3 Bg7 18. Nc3 Nc6 19. Be3 Nb4 20. Kd2 Nbc2 21. Rg1 Be5 22. Ne4 Rxa8 23. Nc5+ Kc7 24. Kc1 Bxh2 25. Rd1 Bd6 26. Ne6+ Kd7 27. Nd4 Nxd4 28. Bxd4 Rc8 29. c5 b6 30. Be3 Ke6 31. Kb1 Bxc5 32. Rc1 Rf8 33. Bxc5 bxc5 34. Rxc5 Rxf3 35. Kxa1 Rxf2 36. b4 Kd6 37. Rh5 e5 38. Rxh6+ Kd5 39. Rh7 a6 40. Rh6 Kc4 41. Rxa6 Kxb4 42. Re6 Re2 43. Kb1 Kc3 44. a4 Kb3 45. Kc1 Kxa4 46. Kd1 Re4 47. Kd2 Kb4 48. Kd3 Rd4+ 49. Ke3 Rd5 50. Ke4 Kc5 51. Rxe5 Rxe5+ 52. Kxe5 1/2-1/2

[Event "Chigorin Memorial-B 14th"]
[Site "St Petersburg"]
[Date "2006.10.24"]
[Round "2"]
[White "Nezbailo, Dmitry"]
[Black "Vunder, Andrei"]
[Result "0-1"]
[WhiteElo "2039"]
[BlackElo "2284"]
[PlyCount "94"]
[EventDate "2006.10.23"]
[EventType "swiss"]
[EventRounds "9"]
[EventCountry "RUS"]
[SourceTitle "EXT 2007"]
[Source "ChessBase"]
[SourceDate "2006.11.23"]
[SourceVersion "1"]
[SourceVersionDate "2006.11.23"]
[SourceQuality "1"]

1. Nc3 d5 2. d4 e6 3. Nf3 Nf6 4. Bg5 Be7 5. Bxf6 Bxf6 6. e4 c5 7. exd5 exd5 8. Bb5+ Nc6 9. 0-0 0-0 10. dxc5 Be6 11. Bxc6 bxc6 12. Nd4 Qa5 13. Re1 Qxc5 14. Nce2 Qb6 15. Rb1 Bd7 16. Qd2 Rfe8 17. c3 Rab8 18. b4 c5 19. Nc2 Bf5 20. Ng3 Rxe1+ 21. Rxe1 Bxc2 22. Qxc2 cxb4 23. cxb4 Qxb4 24. Rd1 Rd8 25. Nf1 g6 26. Qb3 Qxb3 27. axb3 Bc3 28. f3 d4 29. Kf2 Rb8 30. Nd2 a5 31. g4 d3 32. Ke3 Bxd2+ 33. Rxd2 Rxb3 34. Rxd3 Rxd3+ 35. Kxd3 Kg7 36. g5 f6 37. f4 fxg5 38. fxg5 Kf7 39. Kc4 Ke6 40. Kb5 Kf5 41. Kxa5 Kxg5 42. Kb4 Kg4 43. Kc4 Kh3 44. Kd4 Kxh2 45. Ke5 Kg3 46. Kf6 h5 47. Kxg6 h4 0-1

[Event "St Petersburg Chigorin CC-ch"]
[Site "St Petersburg"]
[Date "2005.05.20"]
[Round "5"]
[White "Rodkin, Felix"]
[Black "Nezbailo, Dmitry"]
[Result "1/2-1/2"]
[WhiteElo "2198"]
[BlackElo "2060"]
[PlyCount "66"]
[EventDate "2005.05.16"]
[EventType "swiss"]
[EventRounds "9"]
[EventCountry "RUS"]
[SourceTitle "EXT 2006"]
[Source "ChessBase"]
[SourceDate "2005.11.24"]
[SourceVersion "1"]
[SourceVersionDate "2005.11.24"]
[SourceQuality "1"]

1. d4 Nf6 2. Nc3 d6 3. e4 Nbd7 4. Nf3 e5 5. Bc4 Be7 6. 0-0 0-0 7. Qe2 c6 8. a4 Qc7 9. h3 a6 10. a5 c5 11. d5 Re8 12. Bd3 Bf8 13. Nd2 g6 14. Nc4 Bg7 15. Na4 Rb8 16. Be3 Nf8 17. b4 cxb4 18. Rfb1 Nxd5 19. Ba7 Ra8 20. Ncb6 Nf4 21. Qe3 Rxa7 22. Nxc8 Ra8 23. Ncb6 Rad8 24. Rxb4 d5 25. Qc5 Qxc5 26. Nxc5 Re7 27. Rab1 dxe4 28. Bxe4 Ne2+ 29. Kh2 Nc3 30. R1b3 Nxe4 31. Rxe4 Rd2 32. Kg1 Rd1+ 33. Kh2 Rd2 1/2-1/2

[Event "Chigorin Memorial 12th"]
[Site "St Petersburg"]
[Date "2004.10.23"]
[Round "8"]
[White "Nezbailo, Dmitry"]
[Black "Chehlov, Aleksander"]
[Result "0-1"]
[WhiteElo "2019"]
[BlackElo "2256"]
[PlyCount "74"]
[EventDate "2004.10.16"]
[EventType "swiss"]
[EventRounds "9"]
[EventCountry "RUS"]
[SourceTitle "EXT 2005"]
[Source "ChessBase"]
[SourceDate "2004.11.15"]
[SourceVersion "1"]
[SourceVersionDate "2004.11.15"]
[SourceQuality "1"]

1. Nf3 c5 2. d3 g6 3. g3 Bg7 4. Bg2 Nf6 5. 0-0 d6 6. c4 Nc6 7. Nc3 0-0 8. h3 Bd7 9. Kh2 a6 10. Rb1 Rb8 11. a4 Nb4 12. Bd2 Bc6 13. Ne1 Bxg2 14. Nxg2 d5 15. cxd5 Nfxd5 16. Nxd5 Nxd5 17. Ne3 e6 18. Qc2 Rc8 19. Nxd5 exd5 20. b3 Re8 21. e3 b5 22. axb5 axb5 23. Rfc1 Qd7 24. Qd1 Qf5 25. Qe2 h5 26. Kg2 Be5 27. d4 cxd4 28. Qxb5 dxe3 29. Bxe3 Qe4+ 30. Kh2 h4 31. Bd2 Qf3 32. Be1 Bxg3+ 33. fxg3 Re2+ 34. Qxe2 Qxe2+ 35. Kh1 Qe4+ 36. Kh2 Rc2+ 37. Rxc2 Qxc2+ 0-1

[Event "Chigorin Memorial 12th"]
[Site "St Petersburg"]
[Date "2004.10.21"]
[Round "6"]
[White "Nezbailo, Dmitry"]
[Black "Solovjova, Valentina"]
[Result "1/2-1/2"]
[WhiteElo "2019"]
[BlackElo "2150"]
[PlyCount "105"]
[EventDate "2004.10.16"]
[EventType "swiss"]
[EventRounds "9"]
[EventCountry "RUS"]
[SourceTitle "EXT 2005"]
[Source "ChessBase"]
[SourceDate "2004.11.15"]
[SourceVersion "1"]
[SourceVersionDate "2004.11.15"]
[SourceQuality "1"]

1. Nf3 Nf6 2. c4 g6 3. Nc3 Bg7 4. g3 0-0 5. Bg2 d5 6. cxd5 Nxd5 7. 0-0 c6 8. Nxd5 Qxd5 9. d3 Qh5 10. Qc2 Nd7 11. Bd2 Nf6 12. Bc3 Bh3 13. Bxh3 Qxh3 14. Ng5 Qg4 15. Nf3 Rad8 16. Be5 Rd5 17. Qc4 Qe6 18. Bxf6 Qxf6 19. Rab1 Rh5 20. h4 Rd8 21. Kg2 Rhd5 22. Rfd1 h6 23. b4 Qe6 24. Rd2 g5 25. hxg5 hxg5 26. Nh2 Qd7 27. Rc2 Rf5 28. a4 a6 29. Nf3 Rd5 30. Nh2 Bd4 31. e3 Bg7 32. d4 Qf5 33. Qe2 Qg6 34. Rbc1 e5 35. dxe5 Qe4+ 36. Kg1 Qxb4 37. Rc4 Qe7 38. f4 Rd2 39. Qg4 Qa3 40. Nf1 Rb2 41. Qxg5 Rdd2 42. f5 Rg2+ 43. Kh1 Qd3 44. Rh4 Qd5 45. e4 Qd4 46. Nh2 Rgc2 47. f6 Rxc1+ 48. Qxc1 Qf2 49. Qg1 Qxg1+ 50. Kxg1 Bf8 51. Rg4+ Kh7 52. Rh4+ Kg8 53. Rg4+ 1/2-1/2